|
|
|
|
| LEADER |
00903nam a2200241 a 4500 |
| 001 |
008152525 |
| 008 |
090913s1989 enka b 001 0 eng d |
| 020 |
|
|
|a 1871402131
|
| 040 |
|
|
|a Uk
|c Uk
|
| 082 |
0 |
4 |
|a 649/.1
|2 20
|
| 100 |
1 |
|
|a Brain, Jean.
|
| 245 |
0 |
0 |
|a Child care and health :
|b for nursery nurses /
|c Jean Brain and Molly D. Martin.
|
| 250 |
|
|
|a 3rd ed.
|
| 260 |
|
|
|a England :
|b Thornes,
|c 1989.
|
| 300 |
|
|
|a vi, 282 p. :
|b ill. ;
|c 24 cm.
|
| 504 |
|
|
|a Includes bibliographies and index.
|
| 541 |
1 |
|
|e 00004277
|
| 650 |
|
0 |
|a Children
|x Management.
|
| 650 |
|
0 |
|a Children
|x Care and hygiene.
|
| 700 |
1 |
|
|a Martin, Molly D.
|
| 852 |
4 |
|
|a Ayesha Abed Library
|j General shelf
|
| 999 |
|
|
|c 4027
|d 4027
|
| 952 |
|
|
|0 0
|1 0
|2 ddc
|4 0
|6 649_100000000000000_BRA_1989
|7 0
|9 3709
|a BRACUL
|b BRACUL
|c GEN
|d 2009-10-03
|g 0.00
|l 2
|o 649.1 BRA
|p 3010004277
|r 2010-06-17
|s 2010-05-03
|t 1
|w 2009-10-03
|y BK
|x No price found in the accession register.
|